Plus grand pays commençant par chaque lettre de l'alphabet - Statistiques

Statistiques générales
  • Ce quiz a été pris 342 fois
    328 depuis la dernière actualisation
  • Le résultat moyen est 20 sur 26
Statistiques - réponses
Lettre Le plus grand pays % Correct
R Russie
95%
F France
92%
C Canada
91%
E États-Unis
91%
A Australie
90%
D Danemark
89%
B Brésil
88%
I Inde
85%
Y Yémen
85%
K Kazakhstan
82%
J Japon
80%
Z Zambie
80%
Q Qatar
79%
W Wa existe plus !
76%
V Vénézuela
74%
O Ouzbékistan
71%
H Honduras
70%
M Mongolie
69%
U Ukraine
67%
X Xa existe pas !
63%
P Pérou
61%
N Niger
59%
G Gabon
56%
S Soudan
56%
L Libye
55%
T Tchad
46%
Aucun quiz correspondant
Distribution des résultats
% des personnes avec chaque résultat
Percentile par nombre de réponses
Votre historique - résultats
Vous n’avez pas pris ce quiz depuis la dernière actualisation